Score 0/22 Timer 02:00
1 Play Today
Clue 3-Letter Word % Correct
• What a hen lays ••EGG•
99.4%
Not inOUT
92.9%
'How Stella ___ Her Groove Back'GOT
92.3%
The self, psychologicallyEGO
90.9%
• Pecan or cashew, e.g. ••NUT•
90.4%
Mesh used for fishingNET
88.3%
In the pastAGO
88%
13 years old, e.g.AGE
87.4%
A tummy that sticks outGUT
87.3%
EncounteredMET
85.2%
Word of negativityNOT
83.8%
Clue 3-Letter Word % Correct
Famed Egyptian Pharaoh, for shortTUT
82.4%
A ship to 'drag' a bigger shipTUG
79%
• The daughter on 'Family Guy' ••MEG•
78.9%
Floor coveringRUG
78.2%
A simianAPE
73.8%
ChooseOPT
71.4%
Take someone's wallet, illegallyMUG
70.9%
Inclined to or likelyAPT
69.9%
• 'Cats' cat: ___ Tum Tugger ••RUM•
57.5%
• Quark's nephew on 'Star Trek: DS9' ••NOG•
53%
Dress in fine clothingTOG
51.3%

Today's Daily Dose

Remove Ads.
Support Sporcle.
Get the best of Sporcle when you Go Orange. This ad-free experience offers more features, more stats, and more fun while also helping to support Sporcle. Thank you for becoming a member.

You're not logged in!

Compare scores with friends on all Sporcle quizzes.
OR
Log In

Show Comments

Extras

Top Quizzes Today


Score Distribution

Your Account Isn't Verified!

In order to create a playlist on Sporcle, you need to verify the email address you used during registration. Go to your Sporcle Settings to finish the process.

Report this User

Report this user for behavior that violates our Community Guidelines.

Details: